Qui de Momorico ? - Statistiques

Statistiques générales
  • Ce quiz a été pris 10 fois
  • Le résultat moyen est 16 sur 23
Statistiques - réponses
Hint Réponse % Correct
Qui est à la fois bon en escalade et à Mario Kart ? Louka
100%
Qui est Grange ? Félix
83%
Qui a un pied-à-terre à NZ ? Grégoire
83%
Qui interprète Vallot dans le boulal 2025 ? Mathis
83%
Qui est le/la réalisateur.ice de Criminal ? Nolan
83%
Qui est lefils/la fille de Grenador ? Romain
83%
Qui fait tomber des cigarettes dans les bières de ses ami.e.s ? Théo
83%
Qui est l'auteur.ice de cette phrase célèbre : "C'est qui Jah man ?" ? Aurélien
67%
Qui est l'auteur.ice de la fameuse complainte : "La Brigade Verte" ? Hugo
67%
Qui est probablement fiché(e) S depuis Sainte-Soline Jade
67%
Qui a été la star du concert des prépas 2024 ? Lubin
67%
Qui est le/la plus chouffin.e Mathilde
67%
Qui va coloniser régulièrement le maghreb pour y pratiquer une activité nautique ? Oscar
67%
Qui est cette personne qui a donné son prénom à un adjectif ? Philémon
67%
Qui fait des études en EMC ? Roman
67%
Qui avait un portrait de Charles III chez lui ? Samuel
67%
Qui est le roi/la reine du FitnessPark ? Adam
50%
Qui a remuer ciel et terre pour pouvoir s'inscrire à la fac ? Colas
50%
Qui est le fils/la fille de cet étrange créateur d'un shot au caramel ? Elisa
50%
Qui cohabite avec un ancien CRS ? Jeanne
50%
Qui a été employé(e) du mois de juillet 2025 ? Julien
50%
Qui a snobé l'ENS ? Lucile
50%
Qui a fait son premier jour de travail le jour de son anniversaire ? Nathan
50%
Aucun quiz correspondant
Distribution des résultats
% des personnes avec chaque résultat
Percentile par nombre de réponses
Votre historique - résultats
Vous n’avez pas pris ce quiz